| 000 | 00633nam a2200241 a 4500 | ||
|---|---|---|---|
| 001 | 39945 | ||
| 003 | AR-BaAGN | ||
| 007 | ta | ||
| 008 | 220625s19uu xx |||||r|||| ||||||spa d | ||
| 040 |
_dAR-BaAGN _aAR-BaAGN _bspa _eaacr |
||
| 100 | 1 | _aDorfman, Adolfo | |
| 245 | 1 | 0 | _aHistoria de la industria argentina |
| 250 | _a2ª ed. | ||
| 260 |
_a[Lugar de publicación no identificado] : _bSolar Hachette , _c[19--?] |
||
| 300 | _a399 páginas | ||
| 490 | 0 | _aDimensión argentina | |
| 942 | _cLIBRO | ||
| 999 |
_c39945 _d39945 |
||
| 005 | 20230830144444.0 | ||
| 336 |
_2rdacontent _btxt |
||
| 337 |
_2rdamedia _bn |
||
| 338 |
_2rdacarrier _bnc |
||